000
00223nam a22001097a 4500
999
_c
165935
_d
165935
082
_a
_b
100
_a
Devaraj
245
_a
Dhoosara sutra/
_c
by Devaraj.
260
_a
New Delhi:
_b
Rajpal,
_c
650
_a
942
_c
BK